000 00507nam a22001937a 4500
003 CEME
005 20210628202409.0
008 210128b xxu||||| |||| 00| 0 eng d
020 _a0-07-828902-5
040 _c.
082 _a621.3815 TOK
100 _aTokheim, Roger.L
_959750
245 _aExperiments manual for digital electronics;principles and applications
250 _a6TH
260 _bGLENCO, MCGRAW HILL
300 _aXII,383P
650 _aDIGITAL ELECTRONICS
_93115
942 _cBK
_2ddc
999 _c569652
_d569652